Unfriendly countries according to Russia - Statistics

General Stats
  • This quiz has been taken 38 times
  • The average score is 39 of 48
Answer Stats
Answer % Correct
Japan
93%
UK
93%
USA
93%
Estonia
90%
Norway
90%
South Korea
90%
Switzerland
90%
Austria
86%
Belgium
86%
Bulgaria
86%
Denmark
86%
France
86%
Germany
86%
Ireland
86%
Italy
86%
Latvia
86%
Lithuania
86%
Luxembourg
86%
Netherlands
86%
Slovakia
86%
Slovenia
86%
Spain
86%
Sweden
86%
Ukraine
86%
Canada
83%
Croatia
83%
Czechia
83%
Finland
83%
Greece
83%
Poland
83%
Andorra
79%
Australia
79%
Hungary
79%
Monaco
79%
New Zealand
79%
North Macedonia
79%
Portugal
79%
Romania
79%
San Marino
79%
Albania
76%
Iceland
76%
Montenegro
76%
Taiwan
76%
Cyprus
69%
Liechtenstein
66%
Malta
62%
Singapore
55%
Micronesia
34%
No matching quizzes found
Score Distribution
Percent of People with Each Score
Percentile by Number Answered
Your Score History
You have not taken this quiz